000 00605nam a2200241Ia 4500
003 OSt
005 20220924152509.0
006 a|||||r|||| 00| 0
007 ta
008 220923b |||||||| |||| 00| 0 mar d
024 _a342756
037 _cTextual
040 _aARTS
_cARTS
_bmar
041 _2mar
_amar
082 _aV1.I8, 155J6
100 _aSirasikar V.M. Au.
_9226833
245 0 _aJagacha itihas pracheen kal
260 _c1956
300 _a287p.
_ccm.
650 _aHISTORY
942 _hV1.I8, 155J6
_cTEXL
_2CC
999 _c470034
_d470034